Approaches to Shakespeare

Na minha lista:
Detalhes bibliográficos
Autor principal: Rabkin, Norma
Formato: Livro
Idioma:Undetermined
Publicado em: New York, Estados Unidos McGraw Hill 1964
Assuntos:
Tags: Adicionar Tag
Sem tags, seja o primeiro a adicionar uma tag!

MARC

LEADER 00000nam a2200000Ia 4500
008 170316s9999 xx 000 0 und d
040 |a cru BVZT 
090 |a C-820 R-1a 
100 |a Rabkin, Norma 
245 |a Approaches to Shakespeare 
260 |a New York, Estados Unidos 
260 |b McGraw Hill 
260 |c 1964 
300 |a 333 páginas 
650 |a LITERATURA INGLESA 
650 |a CRÍTICA 
999 |c 12918  |d 12918 
942 |c 15 D  |h C-820 R-1a  |2 z